| 000 | 00803nam a2200217 a 4500 | ||
|---|---|---|---|
| 001 | 000033159 | ||
| 003 | OSt | ||
| 005 | 20240307185845.0 | ||
| 008 | 110818s19uu dr r 000 0 spa d | ||
| 040 |
_aDO-SdBNP _bspa _cBNPHU |
||
| 082 | 4 |
_a361.025 _bD159d _222 |
|
| 100 | 1 |
_aDamirón, Rafael, _d1882-1956 _927287 |
|
| 245 | 1 | 0 |
_aDirectorio social ... Anuario Faser de Ciudad Trujillo, D. de S.D., y San Pedro de Macorís, _cRafael Damirón. |
| 260 |
_aCiudad Trujilllo, República Domincana : _b[s.n., _c19--?]. |
||
| 300 |
_a206 p. ; _c14 cm. |
||
| 590 | _aInventariado, 2018/ YL | ||
| 651 | 4 |
_aSanto Domingo (República Dominicana) _vDirectorios _977394 |
|
| 651 | 4 |
_aSan Pedro de Macorís (República Dominicana) _vDirectorios _977395 |
|
| 910 | _aValidado. Control de calidad MFF | ||
| 942 |
_2ddc _cLBS1 |
||
| 999 |
_c32650 _d32650 |
||